00901nam a2200217 a 450000100100000000500170001000800410002702000180006804000250008624501310011126000390024230000460028150000600032750000360038750000320042370000410045570000300049670000350052695201050056199900170066600004632720201002052806.0150723s2009 sp abc 000 0 spa d a9788449438653 aDO-SdBNPbspacBNPHU00aSagrada Biblia :bilustrada a todo color /ctextos Félix Torres Amant ; traducción P. Petisco ; prólogo Luis Serrallach. aBarcelona, :bGrupo Oceano,c2009. a1535 p. :bil., mapas, retrato. ;c29 cm. aIncluye índice completo de los libros de la bíblia. aIncluye ministerío de Jesús aIncluye milagros de Jesús12aTorres Amant, Félixetextos97434712aPetisco, P.etrad.97434812aSerrallach, Luiseprol.974349 001050718MOaGRbGRcHDd2015-07-23iLF1l0o p46327-10r2020-06-25w2020-06-25y1ZNo se presta c45816d45816